<?xml version="1.0" encoding="UTF-8"?>
<record
    xmlns:xsi="http://www.w3.org/2001/XMLSchema-instance"
    xsi:schemaLocation="http://www.loc.gov/MARC21/slim http://www.loc.gov/standards/marcxml/schema/MARC21slim.xsd"
    xmlns="http://www.loc.gov/MARC21/slim">

  <leader>00407cas7a220015700 4500</leader>
  <controlfield tag="001">zam00005866</controlfield>
  <controlfield tag="008">951212n        xx                  eng u</controlfield>
  <datafield tag="022" ind1=" " ind2=" ">
    <subfield code="a">0021-0552</subfield>
  </datafield>
  <datafield tag="035" ind1=" " ind2=" ">
    <subfield code="a">(Sirsi) r23035</subfield>
  </datafield>
  <datafield tag="035" ind1=" " ind2=" ">
    <subfield code="a">(MACHINE)00886</subfield>
  </datafield>
  <datafield tag="245" ind1="0" ind2="0">
    <subfield code="a">owa law review.</subfield>
  </datafield>
  <datafield tag="260" ind1=" " ind2=" ">
    <subfield code="a">Iowa City :</subfield>
    <subfield code="b">University Iowa.</subfield>
  </datafield>
  <datafield tag="650" ind1=" " ind2=" ">
    <subfield code="a">Law.</subfield>
    <subfield code="6">S3984.1</subfield>
  </datafield>
  <datafield tag="949" ind1=" " ind2=" ">
    <subfield code="a">K1</subfield>
    <subfield code="w">lcc</subfield>
    <subfield code="i">-22326</subfield>
    <subfield code="m">MAIN</subfield>
    <subfield code="p">000</subfield>
    <subfield code="t">BOOK</subfield>
    <subfield code="l">ON-SHELF</subfield>
  </datafield>
  <controlfield tag="004">23035</controlfield>
  <datafield tag="999" ind1=" " ind2=" ">
    <subfield code="c">181647</subfield>
    <subfield code="d">181647</subfield>
  </datafield>
  <datafield tag="952" ind1=" " ind2=" ">
    <subfield code="0">0</subfield>
    <subfield code="1">0</subfield>
    <subfield code="2">lcc</subfield>
    <subfield code="4">0</subfield>
    <subfield code="7">0</subfield>
    <subfield code="a">MAIN</subfield>
    <subfield code="b">MAIN</subfield>
    <subfield code="c">ON-SHELF</subfield>
    <subfield code="l">0</subfield>
    <subfield code="o">K1</subfield>
    <subfield code="p">-22326</subfield>
    <subfield code="r">2019-08-30 00:00:00</subfield>
    <subfield code="t">1</subfield>
    <subfield code="w">2019-08-30</subfield>
    <subfield code="y">BOOK</subfield>
  </datafield>
</record>
